000 00670nam a2200229 a 4500
999 _c9286
_d9286
001 9286
003 BD-JhCC
005 20180312170154.0
008 171123s2008 bg |||| |||| 000 0 ben d
020 _a9847012400135
035 _a(BD-JhCC) 9286
040 _aBD-JhCC
_dBD-JhCC
041 _aben
082 _a491.44
_bHAQ 2008
100 _aহক, মাহবুবুল
245 _a বাংলা বানানের নিয়ম /
_cমাহবুবুল হক
260 _aঢাকা :
_bসাহিত্য প্রকাশ,
_c2008.
300 _a187 p. :
_c21 cm.
650 _aBengali Spelling
942 _2ddc
_cBK